Top 10 sterkste legers van de wereld - grootste legers - Statistieken

Algemene statistieken
  • Deze quiz is 27 keer genomen
  • De gemiddelde score is 4 van 10
Answers on the Grid
Answers color-coded by a green-red scale on the quiz's grid according to % correct below.
China
India
Egypte
Zuid Korea
Israël
Japan
Iran
Verenigde Staten
Verenigd Koninkrijk
Australië
Polen
Frankrijk
Taiwan
Rusland
Oekraïne
Turkije
Spanje
Italië
Vietnam
Saoedi Arabië
 
Antwoordstatistieken
Antwoord % Correct
China
85%
Verenigde Staten
69%
Rusland
62%
Verenigd Koninkrijk
46%
Frankrijk
38%
India
38%
Japan
23%
Zuid Korea
15%
Turkije
8%
Italië
0%
Geen overeenkomende quizzen gevonden
Scoreverdeling
Procent van Mensen met Elke Score
Percentiel versus Aantal Correcte Antwoorden
Uw Scoregeschiedenis
U heeft deze quiz nog niet genomen